000 00500nam a22001817a 4500
005 20260106093903.0
008 260106b |||||||| |||| 00| 0 eng d
020 _a978-93-93330-40-6
050 _aRJ 45 .R36 2023
100 _aRAMANAN PADMASANI VENKAT
245 _aESSENTIALS OF PAEDIATRICS AS PER THE CBME CURICULLUM
260 _aINDIA
_bUNIVERSITY PRESS
_c2023
300 _aX,723
500 _aINCLUDES AN INDEX
650 _aPediatrics
700 _aRAMACHANDRAN P
942 _2lcc
_cBK
999 _c216406
_d216406